00464 2200181 4500001002100000005001500021008004100036020001800077035001900095041000700114082001000121090001600131100001900147245004900166260002800215300001900243650002000262INLIS00000000001179220241224114239241224||||||||| | ||| |||| || |  a602-7993-41-3 0010-1224011792 aid0 a371.3 a371.3 JHO s0 ajho djamaludin00aSKS 100% Pasti Masuk dan Kuliah di STAN 2014 aJakartabdan ideac2014 a128hlm;15x23cm 0aIlmu Pendidikan